00536nam a2200181 a 4500001001000000003000400010005001700014008004100031020001500072040002500087082001900112100002100131245005600152260007300208300002100281650002500302650002700327000024454OSt20200930023201.0110127s2000 bl r 000 j por d a8528607895 aDO-SdBNPbspacBNPHU aB869.93bC163a1 aCalloni, Antonio10aA ilha de Sagitário :bcontos /cAntonio Calloni. aRio de Janeiro, (Brasil) :bFundação Biblioteca Nacional,c2000. a106 p. ;c21 cm. 4aCuentos brasileños 4aLiteratura brasileña